Statistics for Major U.S. Cities & their Adjoining Municipalities #1

Click here to take the quiz!

General Stats

  • This quiz has been taken 40 times
  • The average score is 10 of 16

Answer Stats

Adjoining MunicipalitiesMAJOR CITY% Correct
Floral Park, Valley Stream, YonkersNew York (NY)
97%
Chandler, Paradise Valley, TollesonPhoenix (AZ)
94%
Greenfield, Mequon, WauwatosaMilwaukee (WI)
83%
Lakewood, Parma, Shaker HeightsCleveland (OH)
75%
Commerce City, Lakewood, Wheat RidgeDenver (CO)
75%
East Point, Forest Park, Sandy SpringsAtlanta (GA)
67%
Brooklyn Center, Richfield, St. Louis ParkMinneapolis (MN)
67%
Campbell, Millpitas, SunnyvaleSan Jose (CA)
67%
Burien, Shoreline, TukwilaSeattle (WA)
64%
Newton, Somerville, WatertownBoston (MA)
56%
Bartlett, Germantown, SouthavenMemphis (TN)
56%
Gresham, Milwaukie, TigardPortland (OR)
56%
Ferndale, Harper Woods, Lincoln ParkDetroit (MI)
44%
Bethany, Mustang, YukonOklahoma City (OK)
39%
Bellaire, Galena Park, Southside PlaceHouston (TX)
31%
Gladstone, Grandview, RaytownKansas City (MO)
25%

Score Distribution

Percentile by Number Answered

Percent of People with Each Score

Your Score History

You have not taken this quiz